00873nam a2200289Ia 4500001000700000003000500007008004100012010001100053040000900064082001700073100000500090245013500095260004900230300001100279440000500290500000500295503000500300650006300305650005300368901001700421902000600438910000900444942000600453942000700459999001900466952009800485Z_1237CHAP220113s1989 xx 000 0 und d a164325 cCHAP a636.08503 D5 a aDiccionario técnico de la elaboración de alimentos para animales : inglés-español, spanish-english /cpor José E. Vidal aMéxico :bU.S. Feed Grains Council,c1989 a342 p. a a a aAlimentos y alimentación del ganadoxDiccionarios 94332 aAlimentosxIndustria I. Vidal, José E.9138461 a636.08503 D5 aA a1989 c1 cc1 c164325d164325 00102ddc4051708CaZbZc1d2005-11-09pz_1297r2022-01-18 00:00:00t1w2022-01-18yLIBRO